| 000 | 01788cam a22003135a 4500 | ||
|---|---|---|---|
| 001 | 17481143 | ||
| 005 | 20160727154346.0 | ||
| 008 | 121002s2013 enk frb 001 0 eng d | ||
| 020 | _a9780415662161 (hardback) | ||
| 020 | _a9780415662178 (pbk.) | ||
| 020 | _a9780203385555 (ebook) | ||
| 040 |
_aDLC _cDLC _dDLC _dEG-ScBUE _beng |
||
| 043 | _ama----- | ||
| 082 | 0 | 4 |
_a320.55709174927 _222 _bTIB |
| 100 | 1 |
_aTibi, Bassam. _912784 |
|
| 245 | 1 | 4 |
_aThe Sharia state : _bArab Spring and democratization / _cBassam Tibi. |
| 260 |
_aOxon ; _aNew York : _bRoutledge / Taylor & Francis Group, _c2013. |
||
| 300 |
_axiv, 242 p. ; _c24 cm. |
||
| 500 | _aIndex : p. 237-242. | ||
| 504 | _aBibliography : p. [211]-236. | ||
| 505 | 0 | _aWill the sharia-state be the outcome? Arab Spring and the hope for democratization -- The sharia-state and western scholarship. the reality of an Islamist shariatization of politics that seeks a name -- The sharia-state is not the faith of Islam: sharia and politics -- The challenge of the Islamist sharia- state to the international order: torn between the Westphalian synthesis, Pax Americana and Pax Islamica -- Sharia and Islamism in the Arab Spring: from the promise of a blossoming spring to a frosty and lethal winter -- From traditional sharia reasoning to the Islamist shariatization in post-Arab Spring -- Torn between combating prejudice and the accusation of Islamophobia: the sharia-state and policing speech in the debate on whither Islamic civilization. | |
| 650 | 0 |
_aIslam and state _zArab countries. _2BUEsh |
|
| 650 | 0 |
_aArab Spring, 2010- _2BUEsh |
|
| 650 | 0 |
_aIslamic law _xPolitical aspects. _2BUEsh |
|
| 651 | _2BUEsh | ||
| 653 |
_bBUSBOL _cJune2015 _cNovember2015 |
||
| 650 | 0 |
_911824 _aDemocracy _zArab countries _2BUEsh |
|
| 942 | _2ddc | ||
| 999 |
_c19943 _d19915 |
||